000 002810000a22000970004500
100 1 _aBrettler, Marc Zvi
245 1 0 _aIncompatible metaphors for YHWH in Isaiah 40-66
300 _aNúm 78 (1998), Páginas 97-120
773 0 _tJournal for the Study of the Old Testament
942 _cANA
999 _c54828
_d54828